| 000 | 00434nam a22001457a 4500 | ||
|---|---|---|---|
| 005 | 20250121125151.0 | ||
| 008 | 250121b |||||||| |||| 00| 0 eng d | ||
| 082 | _aZ,7,11 152Q14;4 | ||
| 100 | _aTripathi, T. P. | ||
| 245 |
_aCivil Prakriya Sanhita _cby T. P. Tripathi |
||
| 250 | _a26th | ||
| 260 |
_aAllahabad _bCentral Law Publishing _c2024 |
||
| 300 | _aXLiii, 535p. | ||
| 942 |
_2CC _hZ,7,11 _i152Q14;4 _kLCT |
||
| 999 |
_c1238223 _d1238223 |
||